LIBRARY & INFORMATION CENTRE, KCAET, TAVANUR

ONLINE PUBLIC ACCESS CATALOGUE (OPAC)

Management of municipal solid waste (Record no. 13654)

MARC details
000 -LEADER
fixed length control field 00284nam a22001217a 4500
020 ## - INTERNATIONAL STANDARD BOOK NUMBER
ISBN 9788179931875
082 ## - DEWEY DECIMAL CLASSIFICATION NUMBER
Classification number 628.44
Item number RAM/MU
100 ## - MAIN ENTRY--AUTHOR NAME
Personal name Ramachandra, T.V
245 ## - TITLE STATEMENT
Title Management of municipal solid waste
260 ## - PUBLICATION, DISTRIBUTION, ETC. (IMPRINT)
Place of publication New Delhi
Name of publisher TERI press
Year of publication 2009
300 ## - PHYSICAL DESCRIPTION
Number of Pages 322
942 ## - ADDED ENTRY ELEMENTS (KOHA)
Koha item type Books
Holdings
Withdrawn status Lost status Damaged status Collection code Home library Current library Shelving location Date acquired Source of acquisition Cost, normal purchase price Full call number Accession Number Koha item type
      Non-fiction KAUAET KAUAET General Stacks 31/03/2012 Universal Research Books, Thrissur 450.00 628.44 RAM/MU 22591 Books
free website counter